Song Names by First Lyrics - Statistics

General Stats
  • This quiz has been taken 11 times
  • The average score is 7 of 30
Answer Stats
Hint Answer % Correct
Is this the real life? Is this just fantasy? Bohemian Rhapsody
80%
It's nine o'clock on a Saturday Piano Man
60%
When the night has come // and the land is dark Stand By Me
50%
She's got a smile that it seems to me // Reminds me of childhood memories Sweet Child O' Mine
50%
It's close to midnight and something evil's lurking in the dark Thriller
50%
Ooooh, yeahhh // I used to think maybe you loved me now baby I'm sure Walking on Sunshine
50%
You walked into the party like you were walking onto a yacht You're So Vain
50%
You're just too good to be true // ___'_ ____ __ ____ ___ __ ___ Can't Take My Eyes off of You
40%
There is freedom within // there is freedom without Don't Dream It's Over
40%
Just like the white winged dove // Sings a song, sounds like she's singing Edge of Seventeen
40%
I feel so unsure // As I take your hand and lead you to the dance floor Careless Whisper
30%
When the pimps in the crib, ma // ____ __ ____ __'_ ___ Drop It Like It's Hot
30%
Somebody call 9-1-1 Fire Burning
30%
What you gon' do wit' all that junk? My Humps
30%
I was like good gracious, ass is bodacious Hot In Herre
20%
Hit me! // Can you keep up? Lose My Breath
20%
Let's have some fun, this beat is sick LoveGame
20%
I can tell by your eyes that you're feeling me Dance With Me
10%
So I'm back to the velvet underground // Back to the floor, that I love Gypsy
10%
Nobody pray for me // it been that day for me HUMBLE.
10%
There's always that one person that will always have your heart My Boo
10%
I put my thing down, flip it, and reverse it Work It
10%
All my life, I has to fight Alright
0%
Spending all my nights, all my money going out on the town Baby Come Back
0%
Broke up with my girl last night, so I went to the club Bartender
0%
I, I will be king // And you, you will be queen Best of You
0%
You need to stop playing round with all the clowns and the wankstas Check On It
0%
Don't wanna sound full of myself or rude Frontin'
0%
I like to dance all night / Summons the day Manhattan
0%
Pass me that lovely little gun O children
0%
No matching quizzes found
Score Distribution
Percent of People with Each Score
Percentile by Number Answered
Your Score History
You have not taken this quiz